000 00462nam a2200169 a 4500
005 20140310183251.0
008 041021s19uu xx 00 eng d
050 _aQM 25
_b.Ab83 2003
100 _aAbrahams, P.H.
245 _aMcMinn's colour atlas of human anatomy/.
_cP.H. Abrahams
300 _a371 p. :
_bill. ;
_c28 cm.
650 _aHuman anatomy.
700 _aMarks, S.C. Jr.
700 _aHutchings, R.T.
942 _cBK
_2lcc
_kFOR
999 _c20787
_d20787